000 00703cab a2200217 4500
001 WB2517-18
008 090401t1989 xxu||||| |||| 00| 0 eng d
035 _a(Sirsi) u24149
041 _aeng
245 _aRelaxed rules on satellite dishes
260 _c1989
350 _a0
490 _aFinancial Times
_v28/4/89 p10
490 _aTimes
_v28/4/89 p3
520 _aRestrictions limiting local cable and satellite TV receiving systems for blocks of flats are to be lifted. Highlights other provisions of the government white paper on broadcasting .
650 _aSATELLITE DISHES
650 _aTELECOMMUNICATIONS
690 _aPLANNING LAW AND PRACTICE
942 _n0
948 _c04/03/1997
999 _c16177
_d16177